000 00667nam a2200169Ia 4500
008 090711s9999 xx 000 0 und d
082 _b1623
100 _aकुकडे सुमती व इतर
245 _aएड्ससाठी आहार संजीवनी
260 _bकॉन्टीनेन्टल प्रकाशन
_c1997
300 _a154
600 _aकुकडे सुमती व इतर
630 _aएड्ससाठी आहार संजीवनी
700 _aकुकडे सुमती व इतर
730 _aएड्ससाठी आहार संजीवनी
942 _cBOOK
999 _c325161
_d325161